[Event "Oberliga Ost B9899"]
[Site "GER"]
[Date "1999.??.??"]
[Round "?"]
[White "Cordes, Hans Joerg"]
[Black "Legde, Georg"]
[Result "1/2-1/2"]
[WhiteElo "2310"]
[BlackElo "2255"]

1.d4 Nf6 2.c4 e6 3.Nc3 Bb4 4.Nf3 c5 5.e3 O-O 6.Bd3 cxd4 7.exd4 d5 8.O-O dxc4
9.Bxc4 a6 10.Bg5 b5 11.Bb3 Bb7 12.Qd3 Nbd7 13.Rad1 Bxc3 14.bxc3 Qc7 15.Rfe1 Rac8
16.Rc1 Qd6 17.Bxf6 Nxf6 18.Ng5 Qf4 19.Qe3 Nd5 20.Bxd5 Qxe3 21.fxe3 Bxd5 22.a3 Rc7
23.e4 Ba8 24.a4 Rfc8 25.axb5 axb5 26.Rb1 Rxc3 27.Rxb5 h6 28.Nf3 Rc1 29.Re5 f5
30.exf5 exf5 31.d5 Rxe1+ 32.Nxe1 Rd8 33.Rxf5  1/2-1/2

[Event "GER-ch 11th Seniors"]
[Site "Germany"]
[Date "1999.??.??"]
[Round "?"]
[White "Lainburg, Victor"]
[Black "Schwertel, Hans"]
[Result "1-0"]
[WhiteElo "2280"]
[BlackElo "2010"]

1.d4 e6 2.c4 Bb4+ 3.Nc3 Nf6 4.Nf3 O-O 5.g3 d5 6.Qb3 Bxc3+ 7.bxc3 Ne4 8.Bg2 c6
9.O-O Nd7 10.cxd5 exd5 11.c4 dxc4 12.Qxc4 Nb6 13.Qd3 Re8 14.Nd2 Ng5 15.Nb3 h6
16.Ba3 Bh3 17.Nc5 Bxg2 18.Kxg2 Rb8 19.f3 Ne6 20.Nxe6 Rxe6 21.e4 Qd7 22.Rfd1 Rbe8
23.Rab1 g6 24.Bc1 Kg7 25.h4 h5 26.Qa3 Nc8 27.Qb2 R6e7 28.d5+ f6 29.Qd2 Rh8
30.Bb2 cxd5 31.Bxf6+ Kxf6 32.Qd4+ Re5 33.f4 Re8 34.fxe5+ Rxe5 35.Rf1+ Ke6
36.Qf2 Kd6 37.Qf6+ Re6 38.Qf4+ Re5 39.exd5 Qe7 40.Rbe1 Nb6 41.Qf6+ Qxf6 42.Rxf6+ Kxd5
43.Rxe5+ Kxe5 44.Rxg6 Nd5 45.Rg5+ Ke6 46.Rxh5 a5 47.Rh7 b5 48.Ra7 a4 49.h5 Ne3+
50.Kf3 Nf5 51.h6  1-0

[Event "SWZ-ch"]
[Site "Graechen"]
[Date "1999.??.??"]
[Round "?"]
[White "Karl, Hans"]
[Black "Eggenberger, Werner"]
[Result "1-0"]
[WhiteElo "2242"]
[BlackElo "2126"]

1.d4 Nf6 2.c4 e6 3.Nc3 Bb4 4.Nf3 b6 5.Bg5 Bb7 6.e3 h6 7.Bh4 g5 8.Bg3 Ne4
9.Qc2 d6 10.Bd3 Bxc3+ 11.bxc3 f5 12.O-O-O Nd7 13.Ne1 Qe7 14.f3 Nxg3 15.hxg3 d5
16.cxd5 exd5 17.Bxf5 O-O-O 18.e4 dxe4 19.fxe4 Kb8 20.Nf3 Nf6 21.Rhe1 Rhe8
22.Ne5 c5 23.Qa4 cxd4 24.cxd4 Rc8+ 25.Kb2 Rc7 26.a3 a5 27.Rc1 Rxc1 28.Rxc1 Qd8
29.Nc6+ Bxc6 30.Rxc6 Nxe4 31.Rc8+ Qxc8 32.Bxc8 Rxc8 33.Qb5 Ka7 34.Qd7+ Kb8
35.Qe6  1-0

[Event "HUN-chT29899"]
[Site "HUN"]
[Date "1999.??.??"]
[Round "?"]
[White "Kovacs, Istvan"]
[Black "Somogyi, Istvan"]
[Result "1-0"]
[WhiteElo "2245"]
[BlackElo "2225"]

1.d4 Nf6 2.c4 e6 3.Nc3 Bb4 4.Nf3 c5 5.e3 d5 6.Bd3 O-O 7.O-O Nc6 8.a3 Bxc3
9.bxc3 dxc4 10.Bxc4 Qc7 11.Re1 e5 12.d5 Na5 13.d6 Qc6 14.Nxe5 Qe4 15.d7 Nxd7
16.Nxd7 Bxd7 17.Bd5 Qe7 18.c4 Rad8 19.Bb2 Be6 20.Qc2 b6 21.Rad1 Rd7 22.e4 Rfd8
23.Re3 f6 24.Rde1 Qf7 25.Qc3 Rc7 26.Rg3 Kf8 27.h4 Nc6 28.Qe3 Kg8 29.Qf4 Ne5
30.Bxe5 fxe5 31.Qxe5 Re7 32.Bxe6 Rxe6 33.Rxg7+ Qxg7 34.Qxe6+ Qf7 35.Qe5 Rd4
36.Re3 h6 37.Rf3 Qd7 38.Rg3+ Kh7 39.Qf6 Rd6 40.Qf8 Rg6 41.Rxg6 Kxg6 42.Qg8+ Kf6
43.f3 Qd4+ 44.Kh2 Qf2 45.Qd8+ Ke6 46.Qd5+ Kf6 47.Qf5+ Kg7 48.Qg4+ Kf6 49.Qf4+ Kg7
50.e5  1-0

[Event "Balaton op"]
[Site "Hungary"]
[Date "1999.??.??"]
[Round "6"]
[White "Nyaradi, Sandor"]
[Black "Bodrogi, Laszlo"]
[Result "1-0"]
[WhiteElo "2300"]
[BlackElo "2080"]

1.d4 Nf6 2.c4 e6 3.Nc3 Bb4 4.Nf3 b6 5.e3 Bb7 6.Bd3 O-O 7.O-O d5 8.cxd5 exd5
9.Bd2 Nbd7 10.Qc2 Re8 11.a3 Bd6 12.Nb5 Nf8 13.Nxd6 Qxd6 14.Bb4 Qd8 15.Rac1 Rc8
16.Bxf8 Kxf8 17.Bf5 Ba6 18.Rfe1 Rb8 19.Qxc7 Rb7 20.Qc2 Rb8 21.Qa4 Bb7 22.Qxa7 Re7
23.Qa4 g6 24.Bd3 Ra8 25.Qb4 Kg7 26.Ne5 Re6 27.Rc2 Ne8 28.Rec1 f6 29.Nf3 g5
30.Bb5 Nd6 31.Bc6 Rc8 32.Bxb7 Rxc2 33.Rxc2 Nxb7 34.Qc3 Na5 35.Qc7+ Qe7 36.Nd2 Nc4
37.Qxe7+ Rxe7 38.Nxc4 Rc7 39.a4 dxc4 40.Rc3 Kf8 41.h3 Ke8 42.b3 cxb3 43.Rxb3  1-0

[Event "ISR-chT"]
[Site "Israel"]
[Date "1999.??.??"]
[Round "10"]
[White "Alterman, Boris"]
[Black "Liss, Eran"]
[Result "0-1"]
[WhiteElo "2615"]
[BlackElo "2510"]

1.d4 Nf6 2.c4 e6 3.Nc3 Bb4 4.Nf3 b6 5.Qb3 a5 6.Bg5 Bb7 7.e3 h6 8.Bh4 d6 9.a3 a4
10.Qc2 Bxc3+ 11.bxc3 Nbd7 12.Nd2 Qe7 13.f3 e5 14.e4 O-O 15.Be2 Qe6 16.O-O Nh5
17.Rfe1 Nf4 18.Bf1 Qg6 19.Rad1 f5 20.exf5 Rxf5 21.Bg3 Qf7 22.Ne4 Kh8 23.Nf2 Rf8
24.Qxa4 Nf6 25.Bxf4 Rxf4 26.dxe5 dxe5 27.Nd3 Rf5 28.Rxe5 Nh5 29.Rde1 Rxf3
30.Qd1 Qg6 31.Qd2 Nf4 32.Nxf4 R3xf4 33.g3 R4f6 34.Bd3 Qf7 35.Re7 Qh5 36.Qe2 Qc5+
37.Qe3 Rf2 38.Bf1 Qc6  0-1

[Event "Kiev-ch"]
[Site "Kiev"]
[Date "1999.??.??"]
[Round "2"]
[White "Grechanovskaya, Elena"]
[Black "Gerasimchuk, Oleg"]
[Result "0-1"]
[WhiteElo "2168"]
[BlackElo "2371"]

1.d4 Nf6 2.c4 e6 3.Nc3 Bb4 4.Nf3 c5 5.Qc2 cxd4 6.Nxd4 Nc6 7.e3 O-O 8.Nxc6 bxc6
9.Bd3 d5 10.O-O Ba6 11.a3 Be7 12.b4 Bxc4 13.Bxc4 dxc4 14.Rd1 Qb6 15.Rd4 Rfd8
16.Rxc4 Qa6 17.Qe2 Bxb4 18.Bb2 Be7 19.h3 Rab8 20.Ra2 h6 21.g3 Rd2 22.Qxd2 Qxc4
23.Qe2 Qb3 24.Qa6 Ne4 25.Qxc6 Bf6 26.Qxe4 Bxc3 27.Bxc3 Qxa2 28.Qd4 Rb1+ 29.Kg2 Qd5+
30.Qxd5 exd5 31.Kf3 Rb3 32.Bb4 f6 33.Bd6 a5 34.h4 h5 35.Kg2 Kf7 36.f3 Rxe3
37.Bc5 Re1  0-1

[Event "La Coruna op 10th"]
[Site "La Coruna"]
[Date "1999.??.??"]
[Round "8"]
[White "Rojo, Gabriel"]
[Black "Suba, Mihai"]
[Result "1/2-1/2"]
[WhiteElo "2380"]
[BlackElo "2505"]

1.d4 Nf6 2.c4 e6 3.Nc3 Bb4 4.Nf3 c5 5.g3 O-O 6.Bg2 cxd4 7.Nxd4 d5 8.cxd5 Nxd5
9.Bd2 Bxc3 10.bxc3 e5 11.Nb5 a6 12.Bc1 axb5 13.Qxd5 Qa5 14.Qxe5 Nc6 15.Qc5 Re8
16.Bxc6 bxc6 17.Be3 Bh3 18.Bd4 Re6 19.a3 h6 20.Ra2 Bg2 21.Rg1 Bd5 22.Rb2 Bc4
23.f3 Qxa3 24.Qxa3 Rxa3 25.Kf2 Re8 26.Rc1 Rd8 27.Bc5 Raa8 28.h4 Rd5 29.Bd4 Rc8
30.e4 Rd7 31.Rd2 c5 32.Be3 Ra7 33.g4 Bb3 34.h5 Ra3 35.g5 hxg5 36.Bxg5 Rca8
37.h6 Ra2 38.hxg7 f6 39.Bh6 Rxd2+ 40.Bxd2 Ra2 41.Ke3 Kxg7 42.Rh1 Bc4 43.Rh5 Ra7
44.Rxc5 Rd7 45.Be1 Rd1 46.Bh4 Rh1 47.Bf2 Rc1 48.Rc6 Rxc3+ 49.Kf4 Rb3 50.Bd4 Be2
51.Bxf6+ Kf7 52.Rc3 Bc4 53.Rxb3 Bxb3 54.Bc3 Be6 55.Ke5  1/2-1/2

[Event "Sportland-NRW-Cup"]
[Site "Senden"]
[Date "1999.??.??"]
[Round "7"]
[White "Meier, Jan"]
[Black "Ehrlich, Stefan"]
[Result "1/2-1/2"]
[WhiteElo "1750"]
[BlackElo "1765"]

1.d4 e6 2.c4 Nf6 3.Nc3 Bb4 4.Nf3 O-O 5.e3 c5 6.Bd3 b6 7.O-O Bxc3 8.bxc3 Bb7
9.a4 d6 10.Qe2 Ne4 11.Qc2 f5 12.Rb1 Nd7 13.Nd2 Ng5 14.f3 Rf6 15.e4 f4 16.a5 e5
17.Bb2 Rh6 18.Rf2 Qe8 19.Qa4 Rd8 20.axb6 axb6 21.Qb5  1/2-1/2

[Event "Sheffield op"]
[Site "Sheffield"]
[Date "1999.??.??"]
[Round "5"]
[White "Hanley, Craig"]
[Black "James, Russel"]
[Result "1-0"]
[WhiteElo "2110"]
[BlackElo "2155"]

1.c4 Nf6 2.Nc3 e6 3.d4 Bb4 4.Nf3 b6 5.e3 Ne4 6.Qc2 Bb7 7.Bd2 Nxd2 8.Qxd2 O-O
9.Be2 d6 10.O-O Nd7 11.a3 Bxc3 12.Qxc3 f5 13.b4 Qf6 14.Rac1 c5 15.Rfd1 cxb4
16.axb4 Rfc8 17.c5 Rc7 18.Bc4 Bxf3 19.gxf3 bxc5 20.dxc5 Ne5 21.Rxd6 Nxf3+
22.Kg2 Qg5+ 23.Kf1 Nxh2+ 24.Ke2 Qg4+ 25.Kd2 Nf3+ 26.Kc2 Ng5 27.Qd4 Re7 28.Kb3 h5
29.c6 Qxd4 30.exd4 Kf7 31.d5 Ne4 32.dxe6+ Kf6 33.Rd7 Rc8 34.Bd5 Rc7 35.f3 Ng3
36.b5 h4 37.Kc4 f4 38.Kc5 Nf5 39.b6 axb6+ 40.Kxb6 Rc8 41.c7 Ree8 42.Bb7 Rxe6+
43.Ka7 Rxc7 44.Rdxc7 Nd4 45.R7c4 Nb5+ 46.Kb8 g5 47.Rc6 Nd6 48.Kc7 Nxb7 49.Kxb7 Rxc6
50.Kxc6 g4 51.fxg4 Kg5 52.Kd5 Kxg4 53.Ke4 Kg3 54.Rc3+ Kg2 55.Kxf4 h3 56.Rc2+ Kh1
57.Kg3 h2 58.Rc1+  1-0

[Event "Villa de Sitges 35th"]
[Site "Sitges"]
[Date "1999.??.??"]
[Round "5"]
[White "Chabanon, Jean Luc"]
[Black "Ayas Fernandez, Antonio"]
[Result "1-0"]
[WhiteElo "2455"]
[BlackElo "2350"]

1.d4 Nf6 2.c4 e6 3.Nc3 Bb4 4.Nf3 c5 5.e3 O-O 6.Bd3 d5 7.O-O Nc6 8.cxd5 exd5
9.a3 Bxc3 10.bxc3 Bg4 11.Rb1 c4 12.Bc2 Qc7 13.Qe1 Bxf3 14.gxf3 Nh5 15.e4 f5
16.exd5 Rae8 17.Qd2 Ne7 18.Qg5 g6 19.d6 Qxd6 20.Rxb7 Nd5 21.Ba4 Re7 22.Rxe7 Nxe7
23.Re1 Nd5 24.Bd2 Rb8 25.Re5 Ng7 26.Qh4 Ne6 27.Bh6 Kf7 28.Bc2 Ne7 29.Bc1 h5
30.a4 Rg8 31.Kf1 Rc8 32.Rb5 a6 33.Rb7 Rc7 34.Rb8 Rc8 35.Rxc8 Nxc8 36.Qg3 Qxg3
37.fxg3 Nb6 38.Ke2 Nd5 39.Kd2 a5 40.Ba3 Ke8 41.Bd6 Kd7 42.Be5 Nd8 43.Bd1 Nc6
44.Bg7 Ke6 45.h4 Nb6 46.Bh6 Ne7 47.Bg5 Ned5 48.Bc2 Kf7 49.Bh6 Kg8 50.Bd1 Kf7
51.Bg5 Ke6 52.g4 hxg4 53.fxg4 fxg4 54.Bxg4+ Kf7 55.Bd1 Nf6 56.Bc2 Nbd5 57.Bxf6 Kxf6
58.Be4 Nb6 59.Bd5 g5 60.h5 Nc8 61.Ke3 Nd6 62.Be4 Nc8 63.d5 Ke5 64.h6 Nd6
65.Bg6 Kf6 66.h7 Kg7 67.Kf3 Nc8 68.Kg4 Nb6  1-0

[Event "SWZ-chT"]
[Site "SWZ"]
[Date "1999.??.??"]
[Round "4"]
[White "Herzog, Juerg"]
[Black "Geiser, Laurent"]
[Result "1-0"]
[WhiteElo "2300"]
[BlackElo "2162"]

1.d4 Nf6 2.c4 e6 3.Nc3 Bb4 4.Nf3 c5 5.g3 Ne4 6.Qd3 Qa5 7.Bg2 Nxc3 8.O-O cxd4
9.bxc3 Bxc3 10.Rb1 Nc6 11.a3 Qf5 12.e4 Qf6 13.Bg5 Qg6 14.Rb5 f6 15.Bd2 Bxd2
16.Qxd2 e5 17.Nh4 Qf7 18.Nf5 O-O 19.Nd6 Qe6 20.Nxc8 Rfxc8 21.Rxb7 Nd8 22.Rb4 Rab8
23.Rc1 Nc6 24.Rb5 a6 25.Rxb8 Rxb8 26.Bf1 Qg4 27.c5 Qxe4 28.Bxa6 Rb1 29.Qa2+  1-0

[Event "SWZ-chT"]
[Site "SWZ"]
[Date "1999.??.??"]
[Round "6"]
[White "Sutter, Oliver"]
[Black "Hund, Barbara"]
[Result "1/2-1/2"]
[WhiteElo "2312"]
[BlackElo "2285"]

1.d4 Nf6 2.c4 e6 3.Nf3 Bb4+ 4.Nc3 c5 5.e3 O-O 6.Bd3 d5 7.O-O dxc4 8.Bxc4 Nbd7
9.Qe2 cxd4 10.exd4 Nb6 11.Bd3 Nbd5 12.Bg5 h6 13.Bd2 Bd6 14.Ne5 Bd7 15.Qf3 Nb4
16.Ne4 Nxd3 17.Nxf6+ Qxf6 18.Qxf6 gxf6 19.Nxd7 Rfd8 20.Nxf6+ Kg7 21.Ng4 h5
22.Ne3 Rac8 23.Bc3 Bb4 24.Bxb4 Nxb4 25.Rfd1 Rc7 26.a3 Nd5 27.Rac1 Rcd7 28.Nxd5 Rxd5
29.Rc7 Rb5 30.b4 a5 31.Rc5 Rd5 32.Rc4 axb4 33.axb4 Rb6 34.Kf1 Rbd6 35.Rc5 Rxd4
36.Rxd4 Rxd4 37.Rb5 Rd2 38.Rxb7 h4 39.Rc7 Rd4 40.b5 Rb4 41.Rc5 Rb2 42.Rh5 Rb4
43.b6 Kg6 44.Rh8 Kf5 45.b7 Rxb7 46.Rxh4 Rb1+ 47.Ke2 Rb2+ 48.Ke3  1/2-1/2

[Event "Keres mem op"]
[Site "Utrecht"]
[Date "1999.??.??"]
[Round "4"]
[White "Barsov, Alexei"]
[Black "Kishnev, Sergey"]
[Result "1/2-1/2"]
[WhiteElo "2514"]
[BlackElo "2500"]

1.d4 Nf6 2.c4 e6 3.Nc3 Bb4 4.Nf3 O-O 5.Bg5 c5 6.e3 Qa5 7.Bxf6 Bxc3+ 8.bxc3 Qxc3+
9.Nd2 gxf6 10.Rc1 Qa3 11.d5 d6 12.Ne4 Qa5+ 13.Qd2 Qxd2+ 14.Kxd2 Nd7 15.dxe6 fxe6
16.Nxd6 Rd8 17.Kc3 f5 18.f3  1/2-1/2

[Event "Zaragoza op 11th"]
[Site "Zaragoza"]
[Date "1999.??.??"]
[Round "5"]
[White "Cifuentes Parada, Roberto"]
[Black "Vilar Lopez, Monica"]
[Result "1-0"]
[WhiteElo "2525"]
[BlackElo "2175"]

1.d4 Nf6 2.c4 e6 3.Nc3 Bb4 4.Nf3 O-O 5.Bg5 c5 6.dxc5 Bxc5 7.Qc2 Nc6 8.a3 Be7
9.e4 d6 10.Rd1 a6 11.e5 Ne8 12.h4 f6 13.exd6 fxg5 14.dxe7 Qxe7 15.hxg5 g6
16.Be2 Ng7 17.Ne4 Nh5 18.Nd4 Nxd4 19.Rxd4 e5 20.Rd2 Nf4 21.Nf6+ Rxf6 22.gxf6 Qxf6
23.Qe4 Rb8 24.Bf3 Bf5 25.Qe3 g5 26.O-O Kg7 27.Rfd1  1-0

[Event "6th Open"]
[Site "Bosnjaci CRO"]
[Date "2000.01.05"]
[Round "5"]
[White "Sertic,Ru"]
[Black "Ascic,P"]
[Result "0-1"]
[WhiteElo "2153"]
[BlackElo "2344"]

1.d4 Nf6 2.c4 e6 3.Nc3 Bb4 4.Nf3 b6 5.e3 Bb7 6.Be2 O-O 7.O-O Bxc3 8.bxc3 d6
9.Nd2 c5 10.Bf3 Nc6 11.Ne4 Na5 12.Nxf6+ Qxf6 13.Bxb7 Nxb7 14.Qd3 Qg6 15.e4 f5
16.Re1 f4 17.f3 Rad8 18.Qe2 Na5 19.Ba3 Qe8 20.Qc2 Nxc4 21.Bc1 e5 22.a4 Na5
23.d5 c4 24.Ba3 Nb3 25.Ra2 Rf6 26.Qf2 Rd7 27.Rf1 Qh5 28.Bb4 Rh6 29.h3 Rg6
30.Kh2 Qg5 31.Rb1 Qd8 32.Qe2 Qc8 33.Ba3 h5 34.Bc1 Rh6 35.Kh1 g5 36.Bd2 Rg7
37.Be1 Rhg6 38.Qf2 Nc5 39.a5 Nd3 40.Qf1 g4 41.Kh2 gxh3 42.gxh3 Qc5 43.Bh4 b5
44.Bd8 Kh7 45.h4 Rg3 46.Re2 a6 47.Bg5 Qc7 48.Rg2 Qxa5 49.Rxg3 fxg3+ 50.Kxg3 Qxc3
51.Qh3 Rf7 52.Rf1 Ne1 53.Qh1 Nc2 54.Qh3 Nd4 55.Kg2 Qd3 56.Qg3 b4 57.Rf2 Rxf3
58.Rxf3 Qxf3+ 59.Qxf3 Nxf3 60.Kxf3 b3  0-1

[Event "VII Anibal Open"]
[Site "Linares ESP"]
[Date "2000.01.10"]
[Round "4"]
[White "Ravi,L"]
[Black "Bick,J"]
[Result "1-0"]
[WhiteElo "2402"]
[BlackElo "2262"]

1.d4 Nf6 2.Nf3 e6 3.c4 Bb4+ 4.Nc3 c5 5.e3 Nc6 6.Bd3 Bxc3+ 7.bxc3 d6 8.O-O e5
9.e4 h6 10.d5 Ne7 11.Nh4 Ng6 12.Nf5 Bxf5 13.exf5 Ne7 14.Qe2 Qd7 15.f4 e4
16.Bxe4 Nxe4 17.Qxe4 O-O-O 18.f6 gxf6 19.f5 Rh7 20.Bf4 h5 21.Rae1 Ng8 22.h3 Nh6
23.Bg3 Ng8 24.Rf2 Rh8 25.Bh4 Nh6 26.Qf4 Rde8 27.Rxe8+ Qxe8 28.Bxf6 Rg8 29.Qxh6 Qe1+
30.Rf1 Qe2 31.Bg5 Qxc4 32.Qxd6 Qxc3 33.Bf4 Qd4+ 34.Kh1 Rxg2 35.Qc7+  1-0

[Event "VII Anibal Open"]
[Site "Linares ESP"]
[Date "2000.01.12"]
[Round "6"]
[White "Zvjaginsev,V"]
[Black "Iordachescu,V"]
[Result "1/2-1/2"]
[WhiteElo "2652"]
[BlackElo "2553"]

1.d4 Nf6 2.c4 e6 3.Nf3 Bb4+ 4.Nc3 c5 5.g3 Nc6 6.Bg2 Ne4 7.Bd2 Nxd2 8.Qxd2 cxd4
9.Nxd4 Ne5 10.Nc2 Be7 11.Ne3 a6 12.O-O O-O 13.Rfc1 Rb8 14.Ne4 d6 15.Rd1 Qc7
16.Rac1 Rd8 17.Nc3 b6 18.f4 Ng6 19.Rf1  1/2-1/2

[Event "Troll Masters"]
[Site "Gausdal NOR"]
[Date "2000.01.15"]
[Round "8"]
[White "Christenson,F"]
[Black "Anderton,D"]
[Result "0-1"]
[WhiteElo "2223"]
[BlackElo "2228"]

1.d4 Nf6 2.c4 e6 3.Nc3 Bb4 4.Nf3 c5 5.d5 d6 6.g3 Bxc3+ 7.bxc3 e5 8.Bg2 O-O
9.O-O Nbd7 10.Ne1 Ne8 11.e4 Nb6 12.Qb3 f5 13.a4 f4 14.a5 Nd7 15.Bh3 g5 16.gxf4 gxf4
17.f3 Kh8 18.Ng2 Rf6 19.Bd2 Rh6 20.Bg4 Ndf6 21.h3 Rg6 22.Be1 Ng7 23.Bh4 h5
24.Bxc8 Qxc8 25.Kh2 Nh7 26.Rg1 Rg3 27.Nxf4 exf4 28.Bxg3 Ng5 29.Kg2 fxg3 30.Rh1 h4
31.Qc2 Qf8 32.f4 Qxf4 33.Rhf1 Qe5 34.Rae1 Kg8 35.Qd2 Rf8 36.Rxf8+ Kxf8 37.Qe2 Kg8
38.Qg4 Qxc3 39.Re2 Qxc4 40.Qc8+ Kh7 41.Qg4 Kg6 42.Rd2 Qxe4+ 43.Qxe4+ Nxe4
44.Rb2 b6 45.axb6 axb6 46.Rxb6 Nf6  0-1

[Event "V Ubeda Open"]
[Site "Ubeda ESP"]
[Date "2000.01.19"]
[Round "1"]
[White "Behrmann,J"]
[Black "Rashkovsky,N"]
[Result "0-1"]
[WhiteElo "2225"]
[BlackElo "2523"]

1.d4 Nf6 2.c4 e6 3.Nc3 Bb4 4.Nf3 b6 5.Qb3 a5 6.Bg5 h6 7.Bh4 Bb7 8.e3 d6 9.a3 Bxc3+
10.Qxc3 Nbd7 11.Nd2 Qe7 12.f3 c5 13.Bd3 cxd4 14.Qxd4 e5 15.Qc3 Nc5 16.O-O a4
17.Bc2 g5 18.Bg3 h5 19.f4 h4 20.fxe5 hxg3 21.exf6 gxh2+ 22.Kh1 Qe5 23.Qxe5+ dxe5
24.Rf5 O-O-O 25.Nf1 Bxg2+  0-1

[Event "V Ubeda Open"]
[Site "Ubeda ESP"]
[Date "2000.01.19"]
[Round "10"]
[White "San Segundo Carrillo,P"]
[Black "Barsov,A"]
[Result "1/2-1/2"]
[WhiteElo "2497"]
[BlackElo "2521"]

1.d4 e6 2.c4 Nf6 3.Nc3 Bb4 4.Nf3 O-O 5.Bg5 c5 6.Rc1 cxd4 7.Nxd4 d5 8.e3 dxc4
9.Bxc4 h6 10.Bh4 g5 11.Bg3 Ne4 12.Bd3 Bxc3+ 13.bxc3 Nxg3 14.hxg3 Kg7 15.Bb1 Bd7
16.f4 Nc6 17.Kf2 f5 18.g4 e5 19.Nxc6  1/2-1/2

[Event "V Ubeda Open"]
[Site "Ubeda ESP"]
[Date "2000.01.20"]
[Round "2"]
[White "Stocek,J"]
[Black "Pilgaard,K"]
[Result "1-0"]
[WhiteElo "2496"]
[BlackElo "2377"]

1.d4 Nf6 2.c4 e6 3.Nc3 Bb4 4.Nf3 b6 5.Bg5 Bb7 6.Qc2 h6 7.Bh4 O-O 8.O-O-O Be7
9.e4 d5 10.Bd3 Nc6 11.a3 dxe4 12.Nxe4 Kh8 13.d5 exd5 14.cxd5 Nb8 15.Bxf6 Bxf6
16.Bb5 Nd7 17.Bxd7 Qxd7 18.Nxf6 gxf6 19.Rd4 Bxd5 20.Rhd1 c6 21.Rh4 Kg7 22.Nd4 Rh8
23.Nf5+ Kf8 24.Rxh6 Rxh6 25.Nxh6 Qd6 26.g3 Re8 27.Nf5 Qe5 28.Ne3 Be4 29.Qc4 Qe6
30.Rd4 f5 31.Qxe6 fxe6 32.Rd7 Re7 33.Rxe7 Kxe7 34.Nc4 c5 35.f4 Bc6 36.Kd2 Be8
37.Ke3 b5 38.Ne5 Kd6 39.h3 a5 40.g4 fxg4 41.hxg4 a4 42.Kd3 Ke7 43.Ke4 b4
44.g5 Bb5 45.Ke3 Be8 46.Nd3 Kd6 47.axb4 c4 48.Ne5 Kd5 49.Kd2  1-0

[Event "4NCL"]
[Site "Birmingham ENG"]
[Date "2000.01.23"]
[Round "6"]
[White "Parker,J"]
[Black "Chandler,M"]
[Result "1-0"]
[WhiteElo "2532"]
[BlackElo "2527"]

1.d4 Nf6 2.c4 e6 3.Nc3 Bb4 4.Nf3 c5 5.g3 cxd4 6.Nxd4 O-O 7.Bg2 d5 8.Qb3 Bxc3+
9.Qxc3 e5 10.Nb3 d4 11.Qa5 Qe8 12.O-O Nc6 13.Qc7 Bg4 14.Qxb7 e4 15.Re1 Rb8
16.Qc7 Rc8 17.Qf4 Qe7 18.h3 Bh5 19.Bd2 h6 20.g4 Bg6 21.Qg3 Rfd8 22.Rac1 Ne5
23.c5 Nc6 24.Bf4 Qe6 25.Rcd1 a5 26.Bd6 Qc4 27.Rc1 Qd5 28.f4 a4 29.Nd2 Qxa2
30.f5 Bh7 31.Nxe4 Nxe4 32.Bxe4 Qxb2 33.Rb1 Qc3 34.Qxc3 dxc3 35.Bxc6 Rxc6
36.Rec1 g6 37.e4 h5 38.Rxc3 hxg4 39.hxg4 gxf5 40.gxf5 f6 41.Rg3+ Kf7 42.Rb7+  1-0

[Event "Corus B"]
[Site "Wijk aan Zee NED"]
[Date "2000.01.29"]
[Round "10"]
[White "Avrukh,B"]
[Black "Tiviakov,S"]
[Result "0-1"]
[WhiteElo "2620"]
[BlackElo "2567"]

1.d4 Nf6 2.c4 e6 3.Nc3 Bb4 4.Nf3 b6 5.Bg5 Bb7 6.Nd2 h6 7.Bh4 c5 8.a3 Bxc3
9.bxc3 d6 10.f3 Nc6 11.e3 Qe7 12.Bd3 g5 13.Bf2 Nd7 14.Nb3 Ba6 15.O-O Rc8
16.f4 Kd8 17.Bg3 Kc7 18.Re1 h5 19.d5 Nd8 20.a4 h4 21.Bf2 Ra8 22.a5 Bb7 23.Bf1 e5
24.Nd2 f5 25.Nf3 Nf7 26.fxe5 dxe5 27.a6 Bc8 28.Nd4 cxd4 29.exd4 e4 30.c5 Rh6
31.d6+ Nxd6 32.cxd6+ Rxd6 33.Be3 h3 34.Bc1 hxg2 35.Bxg2 Ne5 36.Qe2 Nc6 37.Qh5 Qg7
38.Bxg5 Rg6 39.Bf4+ Kd8 40.Qh4+ Ke8 41.Bg3 Be6 42.Rad1 Rd8 43.Qf4 Ne7 44.Qf1 Qf7
45.Qb5+ Kf8 46.Qe5 Qg7 47.Qc7 Rc8 48.Qf4 Nd5 49.Qd6+ Kg8 50.Kh1 Rxc3 51.Rc1 Rxc1
52.Rxc1 Kh7 53.Be5 Qh6 54.Rg1 Rg8 55.Rf1 Qg6 56.Bh3 e3 57.Bg3 Re8 58.Rg1 f4
59.Bxe6 Qe4+ 60.Rg2 Qxe6  0-1

[Event "5th HIT Open"]
[Site "Nova Gorica SLO"]
[Date "2000.02.05"]
[Round "5"]
[White "Soln,P"]
[Black "Nikolic,Stank"]
[Result "1-0"]
[WhiteElo "2382"]
[BlackElo "2099"]

1.d4 Nf6 2.c4 e6 3.Nc3 Bb4 4.Nf3 O-O 5.Bg5 Bxc3+ 6.bxc3 h6 7.Bh4 b6 8.Nd2 Bb7
9.f3 d5 10.e3 Nbd7 11.Bd3 c5 12.cxd5 exd5 13.O-O Re8 14.Qe2 Rc8 15.e4 cxd4
16.cxd4 Qc7 17.e5 Qc3 18.Nb3 Qc7 19.Rac1 Qb8 20.Bb5 Rxc1 21.Rxc1 g5 22.Qd2 a6
23.Bxg5 Ne4 24.fxe4 axb5 25.Bf6 Kh7 26.Qf4 Nf8 27.Qf5+ Ng6 28.Qd7 Rf8 29.exd5 Qa8
30.Qh3 Rg8 31.Bg5 Qf8 32.Nd2 Bxd5 33.Rc8 Qg7 34.Rxg8 Kxg8 35.Bxh6 Qh8 36.a3 Be6
37.Qe3 Kh7 38.Ne4 Qc8 39.Nf6+ Kh8 40.h3 Qc2 41.Qf3 Nh4 42.Qg3 Ng6 43.Kh2 Qc4
44.Be3 Kg7 45.h4 Kf8 46.h5  1-0

[Event "FSGM January"]
[Site "Budapest HUN"]
[Date "2000.02.06"]
[Round "2"]
[White "Nguyen Anh Dung"]
[Black "Li Wenliang"]
[Result "1/2-1/2"]
[WhiteElo "2496"]
[BlackElo "2444"]

1.d4 Nf6 2.c4 e6 3.Nc3 Bb4 4.Nf3 c5 5.e3 O-O 6.Bd3 d5 7.O-O dxc4 8.Bxc4 Bd7
9.Qe2 Bc6 10.Rd1 Qe7 11.Ne5 Rd8 12.Bb3 Be8 13.a3 Ba5 14.Nc4 Bc7 15.dxc5 Na6
16.Rxd8 Rxd8 17.Bc2 Nd5 18.Nxd5 exd5 19.Nd6 Nxc5 20.Nxe8 Qxe8 21.g3 Ne4 22.Bd2 Nxd2  1/2-1/2

[Event "Petroff Mem Open"]
[Site "St Petersburg RUS"]
[Date "2000.02.07"]
[Round "1"]
[White "Kryschilovskij,A"]
[Black "Yevseev,D"]
[Result "1/2-1/2"]
[WhiteElo "2296"]
[BlackElo "2496"]

1.d4 Nf6 2.c4 e6 3.Nc3 Bb4 4.Nf3 c5 5.g3 cxd4 6.Nxd4 Ne4 7.Qd3 Qa5 8.Nb3 Nxc3
9.Bd2 Ne4 10.Qxe4 Bxd2+ 11.Nxd2 O-O 12.Bg2 Nc6 13.Qe3 d5 14.O-O d4 15.Qd3 e5
16.a3 g6 17.b4 Qc7 18.c5 Bf5 19.Qb5 Rad8 20.Nc4 d3 21.Nd6 Nd4 22.Qxb7 Qxb7
23.Bxb7 dxe2 24.Rfe1 Bd3 25.f3 Rxd6 26.cxd6 Rd8 27.Rac1 Rxd6 28.Kf2 Kg7 29.Rc3 Bb5
30.Be4 Kf6 31.Bd3 Bxd3 32.Rxd3 Rc6 33.Rxe2 Nxe2 34.Kxe2  1/2-1/2

[Event "FSGM February"]
[Site "Budapest HUN"]
[Date "2000.02.11"]
[Round "7"]
[White "Li Wenliang"]
[Black "Yu Shaoteng"]
[Result "0-1"]
[WhiteElo "2444"]
[BlackElo "2535"]

1.d4 e6 2.c4 Nf6 3.Nc3 Bb4 4.Nf3 b6 5.e3 Bb7 6.Bd3 O-O 7.O-O c5 8.a3 Bxc3
9.bxc3 d6 10.Re1 Nbd7 11.e4 e5 12.d5 Nh5 13.g3 g6 14.Bh6 Ng7 15.Nh4 Kh8 16.Ra2 Bc8
17.f3 Qe8 18.f4 Nf6 19.f5 Ng8 20.Qc1 f6 21.fxg6 hxg6 22.Rf2 Kh7 23.Bd2 Bh3
24.Qd1 Qd7 25.Be2 Ne7 26.Bc1 Rf7 27.Kh1 Rh8 28.Nf3 Kg8 29.Ng1 Nh5 30.Qd3 f5
31.Bxh5 fxe4 32.Qc2 Rxf2 33.Qxf2 Rxh5 34.Qf6 Rf5 35.Qh4 Bf1 36.Bg5 Rf2 37.Rxf1 Rxf1
38.Bf6 Kf7 39.Qh7+ Kxf6 40.Qh8+ Kf7  0-1

[Event "FSGM February"]
[Site "Budapest HUN"]
[Date "2000.02.17"]
[Round "13"]
[White "Volzhin,A"]
[Black "Horvath,Cs"]
[Result "1/2-1/2"]
[WhiteElo "2548"]
[BlackElo "2519"]

1.Nf3 Nf6 2.c4 e6 3.Nc3 Bb4 4.d4 c5 5.g3 cxd4 6.Nxd4 O-O 7.Bg2 d5 8.cxd5 Nxd5
9.Qb3 Nc6 10.Nxc6 bxc6 11.O-O Qa5 12.Bd2 Bxc3 13.bxc3 Ba6 14.Rfd1 Qc5 15.e4 Bc4
16.Qa4 Nb6 17.Qb4 Qh5 18.Be3 Be2 19.Rd2 Rab8 20.Bxb6 axb6 21.Qd6 Rbc8 22.h3 Bf3  1/2-1/2

[Event "Bundesliga 1999-2000"]
[Site "Wattenschied GER"]
[Date "2000.02.20"]
[Round "11"]
[White "Jussupow,A"]
[Black "Dautov,R"]
[Result "1/2-1/2"]
[WhiteElo "2628"]
[BlackElo "2602"]

1.d4 Nf6 2.c4 e6 3.Nc3 Bb4 4.Nf3 c5 5.e3 O-O 6.Bd3 d5 7.O-O cxd4 8.exd4 dxc4
9.Bxc4 a6 10.a4 Nc6 11.Bg5 h6 12.Be3 Qa5 13.Qb3 Rd8 14.Rfd1 Nd5 15.Ne4 Qb6
16.Qd3 Be7 17.b3 Bd7 18.Ng3 Be8  1/2-1/2

[Event "Masters"]
[Site "Monaco MNC"]
[Date "2000.02.24"]
[Round "6"]
[White "Efimov,I"]
[Black "Dunis,A"]
[Result "1-0"]
[WhiteElo "2537"]
[BlackElo "2254"]

1.d4 Nf6 2.Nf3 e6 3.c4 Bb4+ 4.Nc3 c5 5.g3 O-O 6.Bg2 d6 7.O-O Bxc3 8.bxc3 Qe7
9.Bg5 Rd8 10.Nd2 Nbd7 11.f4 h6 12.Bh4 Rb8 13.Qe1 b5 14.g4 Bb7 15.e4 e5 16.g5 hxg5
17.fxg5 Nh5 18.d5 b4 19.g6 Ndf6 20.gxf7+ Qxf7 21.cxb4 cxb4 22.c5 dxc5 23.Nc4 Qe8
24.Rf5 Bc8 25.Rxe5 Qg6 26.Rg5 Qh6 27.Rxh5 Nxh5 28.Bxd8 Ba6 29.Bc7 Rc8 30.d6 Qg5
31.Qd2  1-0

[Event "ch-Serbia"]
[Site "Kragujevac YUG"]
[Date "2000.02.26"]
[Round "8"]
[White "Ostojic,N"]
[Black "Brkljaca,A"]
[Result "0-1"]
[WhiteElo "2419"]
[BlackElo "2353"]

1.d4 Nf6 2.c4 e6 3.Nc3 Bb4 4.Nf3 d5 5.cxd5 exd5 6.Qa4+ Nc6 7.Bg5 h6 8.Bxf6 Qxf6
9.e3 O-O 10.Be2 Be6 11.O-O a6 12.Rfc1 Rfd8 13.Qd1 Bd6 14.Na4 Ne7 15.Nc5 Bc8
16.b4 g5 17.Ne1 Qg7 18.g3 g4 19.Ng2 h5 20.Nh4 Ng6 21.Nxg6 fxg6 22.a4 Rf8
23.Bf1 c6 24.Bg2 Bf5 25.Qe1 Kh7 26.Qc3 Rac8 27.Ra2 h4 28.Rd2 h3 29.Bh1 Qe7
30.e4 Bxc5 31.dxc5 dxe4 32.Rd6 Qg7 33.Qd2 Rce8 34.a5 Kh8  0-1